000 00636nam a22001937a 4500
005 20251108170519.0
008 250721s1998 xx 000 0 ara d
082 1 4 _a306.40956/أرز
100 1 _aالأزرعي، سليمان
245 1 0 _aتحديات الفكر و الثقافة العربية :
_bفي الفكر و الأدب : دراسة /
264 1 _aدمشق :
_bإتحاد الكتاب العرب،
_c1998.
300 _a119ص
650 1 7 _aالثقافة
650 1 7 _aالثقافة العربية
650 1 7 _aالأدب العربي
650 1 7 _aالفكر العربي
942 _2ddc
_cBK
999 _c42320
_d42320